000 00599cam5a220021700 4500
001 zam00003039
008 951128s1973 xx eng u
035 _a(Sirsi) r20375
035 _a(MACHINE)MSLC.
100 _aSperroff, L.
_6A81718.1
245 1 0 _aClinical gynecologic endocrinology and infertility.
260 _c1973.
949 _aRG159
_wLC
_mMEDICAL
_tBOOK
_lON-SHELF
004 20375
591 _aClass code: OBS 510.
591 _aCourse: Obstetrics.
591 _aSchool: S07.
591 _aLecturer: Dr. SIKAZWE, N.C.
591 _aNumber of Students: 34.
909 _aBook
999 _c52473
_d52473